[Event "Alcoy Region-ch Primera"]
[Site "Alcoy"]
[Date "2016.10.08"]
[Round "2"]
[White "Martinez Yakovlev, Alejandro"]
[Black "Mira Cremades, Francisco"]
[Result "0-1"]
[WhiteElo "1077"]
[BlackElo "1513"]
[PlyCount "47"]
[EventDate "2016.10.01"]
[EventType "swiss"]
[EventRounds "7"]
[EventCountry "ESP"]
[SourceTitle "EXT 2024"]
[Source "ChessBase"]
[SourceDate "2023.10.10"]
[SourceVersion "1"]
[SourceVersionDate "2023.10.10"]
[SourceQuality "1"]

1. e4 e6 2. Nc3 c6 3. Nf3 d5 4. exd5 exd5 5. d4 Nf6 6. Bg5 h6 7. Bh4 Nbd7 8. Qe2+ Be7 9. Ne5 0-0 10. Ng4 Re8 11. Qf3 Nxg4 12. Qxg4 Bxh4+ 13. Be2 Nf8 14. Qf4 Ng6 15. Qf3 Qb6 16. b3 Bf6 17. 0-0-0 Bd7 18. Bd3 Bxd4 19. Bxg6 fxg6 20. Na4 Qb5 21. c3 Qxa4 22. Rxd4 Qxa2 23. Rhd1 Bf5 24. g4 0-1